000
00370nam a2200133Ia 4500
008
151001s9999||||xx |||||||||||||| ||und||
100
_a
सुमती क्षेत्रमाडे
245
_a
शततारका
250
_a
1
260
_b
शितल मेहता कोल्हापूर
260
_c
2013
300
_a
224
365
_b
18
999
_c
1001943
_d
1001940